<?xml version="1.0" encoding="UTF-8"?>
<marc:record xmlns:marc="http://www.loc.gov/MARC21/slim">
   <marc:leader>00000nam a2200000 a 4500</marc:leader>
   <marc:datafield ind1="1" ind2=" " tag="100">
      <marc:subfield code="a">Broj, Bettina</marc:subfield>
      <marc:subfield code="4">aut</marc:subfield>
      <marc:subfield code="e">Verfasser/-in</marc:subfield>
   </marc:datafield>
   <marc:datafield ind1=" " ind2=" " tag="653">
      <marc:subfield code="a">deutsch</marc:subfield>
   </marc:datafield>
   <marc:datafield ind1=" " ind2=" " tag="653">
      <marc:subfield code="a">Lernspiel</marc:subfield>
   </marc:datafield>
   <marc:datafield ind1="0" ind2="0" tag="245">
      <marc:subfield code="a">MiniLÜK - Trau dich!</marc:subfield>
   </marc:datafield>
   <marc:datafield ind1="0" ind2="0" tag="245">
      <marc:subfield code="b">Alltagsintegrierte Sprachentwicklung, ab 5 Jahren</marc:subfield>
   </marc:datafield>
   <marc:datafield ind1="0" ind2="0" tag="245">
      <marc:subfield code="c">Autorin dieses Heftes: Bettina Broj</marc:subfield>
   </marc:datafield>
   <marc:datafield ind1=" " ind2="1" tag="264">
      <marc:subfield code="a">Braunschweig</marc:subfield>
      <marc:subfield code="b">Westermann Lernspielverlage GmbH</marc:subfield>
   </marc:datafield>
   <marc:datafield ind1="1" ind2=" " tag="490">
      <marc:subfield code="a">Westermann Lernspiel</marc:subfield>
   </marc:datafield>
   <marc:datafield ind1="1" ind2=" " tag="520">
      <marc:subfield code="a">Alltagsintegrierte Sprachentwicklung für Kinder ab 5 Jahren &lt;br/&gt;Kinder gehen von Natur aus neugierig auf neue Situationen zu und stehen Herausforderungen offen gegenüber. Manchmal werden sie aber auch mit Gegebenheiten konfrontiert, die ihnen Furcht einflößen: Dunkelheit, Monster und Gespenster, Geräusche oder eine ungewohnte Situation, in der sich die Kinder sllein fühlen. Mit der Unterstützung der Eltern oder anderer Bezugspersonen, die die Ängste der Kinder ernst nehmen, Verständnis zeigen und verlässliche Rituale anbieten, können solche Situationen gemeistert werden und positive Emotionen wie Mut und Zuversicht wecken. &lt;br/&gt;Diese für Kinder so wichtigen Erfahrungen können mit diesem Heft und dem enthaltenen passenden Wortschatz verstärkend begleitet und gefördert werden. &lt;br/&gt;Die Übungsangebote auf den einzelnen Seiten dieses Heftes sind für Kinder altersgerecht gestaltet: Die Kinder erkennen Situaionen, die in ihren Alltag integriert sind oder sich abheben, und finden diese in unveränderter Darstellung wieder und ordnen zu. Der Schwerpunkt der Übungen liegt im Erkennen, Abspeichern und Aussprechen der einzelnen Wörter und Wendungen im Zusammenhang einer Handlung. Schritt für Schritt wird der kindliche Wortschatz erweitert. &lt;br/&gt;Zur Bearbeitung dieses Übungsheftes benötigen Sie das miniLÜK-Lösungsgerät.</marc:subfield>
   </marc:datafield>
   <marc:datafield ind1=" " ind2=" " tag="020">
      <marc:subfield code="a">9783837741292</marc:subfield>
      <marc:subfield code="9">9783837741292</marc:subfield>
   </marc:datafield>
   <marc:datafield ind1=" " ind2=" " tag="041">
      <marc:subfield code="a">ger</marc:subfield>
   </marc:datafield>
   <marc:datafield ind1=" " ind2=" " tag="300">
      <marc:subfield code="b">Illustrationen</marc:subfield>
   </marc:datafield>
   <marc:datafield ind1="1" ind2=" " tag="521">
      <marc:subfield code="a">0</marc:subfield>
   </marc:datafield>
   <marc:datafield ind1=" " ind2=" " tag="300">
      <marc:subfield code="a">29 Seiten</marc:subfield>
   </marc:datafield>
</marc:record>
